Theory and practice of electron diffraction (Record no. 875)

MARC details
000 -LEADER
fixed length control field 00590nam a2200193Ia 4500
003 - CONTROL NUMBER IDENTIFIER
control field IN-BaIIA
008 - FIXED-LENGTH DATA ELEMENTS--GENERAL INFORMATION
fixed length control field 211028s9999 xx 000 0 eng d
040 ## - CATALOGING SOURCE
Transcribing agency IIA Library
080 ## - UNIVERSAL DECIMAL CLASSIFICATION NUMBER
Universal Decimal Classification number 537.533.13
Item number THO
100 ## - MAIN ENTRY--PERSONAL NAME
Personal name Thomson, G. P.
9 (RLIN) 1868
245 #0 - TITLE STATEMENT
Title Theory and practice of electron diffraction
Statement of responsibility, etc. G. P. Thomson and W. Cochrane
260 ## - PUBLICATION, DISTRIBUTION, ETC.
Place of publication, distribution, etc. London
Name of publisher, distributor, etc. Macmillan
Date of publication, distribution, etc. 1939
300 ## - PHYSICAL DESCRIPTION
Extent xi, 334p.
650 ## - SUBJECT ADDED ENTRY--TOPICAL TERM
Topical term or geographic name entry element Electron diffraction
9 (RLIN) 1869
650 ## - SUBJECT ADDED ENTRY--TOPICAL TERM
Topical term or geographic name entry element NASA thesaurus
650 ## - SUBJECT ADDED ENTRY--TOPICAL TERM
Topical term or geographic name entry element Xray diffraction
9 (RLIN) 1870
700 ## - ADDED ENTRY--PERSONAL NAME
Personal name Cochrane, W.
9 (RLIN) 1871
942 ## - ADDED ENTRY ELEMENTS (KOHA)
Koha item type Books
Holdings
Withdrawn status Lost status Damaged status Not for loan Home library Current library Shelving location Date acquired Total Checkouts Full call number Barcode Date last seen Price effective from Koha item type
        IIA Library-Bangalore IIA Library-Bangalore General Stacks     537.533.13/ THO 902 05/11/2021   Books

Powered by Koha